Real Betis Balompié Squad 2022-2023 - Statistics

General Stats
  • This quiz has been taken 199 times
    161 since last reset
  • The average score is 20 of 29
Answer Stats
# Position Nation Player % Correct
1 GK Chile Claudio Bravo
99%
8 MF France Nabil Fekir
92%
13 GK Portugal Rui Silva
89%
9 FW Spain Borja Iglesias
86%
16 DF Argentina Germán Pezzella
83%
10 MF Spain Sergio Canales
83%
18 MF Mexico Andrés Guardado
82%
5 MF Argentina Guido Rodríguez
82%
28 MF Spain Rodri Sánchez
82%
14 MF Portugal William Carvalho
80%
- Coach Chile Manuel Pellegrini
78%
23 DF Senegal Youssouf Sabaly
75%
17 FW Spain Joaquín Sánchez
74%
12 FW Brazil Willian José
74%
33 DF Spain Juan Miranda
71%
11 FW Brazil Luiz Henrique
68%
19 DF Italy Luiz Felipe
67%
7 FW Spain Juanmi
63%
21 FW Spain Ayoze Pérez
57%
3 DF Spain Edgar González
57%
20 DF Brazil Abner Vinícius
55%
24 FW Spain Aitor Ruibal
55%
15 DF Spain Álex Moreno
55%
6 DF Spain Víctor Ruiz
53%
2 DF Spain Martín Montoya
50%
4 MF Ivory Coast Paul Akouokou
50%
21 FW Spain Loren Morón
41%
25 GK Spain Dani Martín
34%
22 MF Spain Víctor Camarasa
30%
No matching quizzes found
Score Distribution
Percent of People with Each Score
Percentile by Number Answered
Your Score History
You have not taken this quiz since the last reset